| 000 | 00580nam a22001937a 4500 | ||
|---|---|---|---|
| 005 | 20251108173558.0 | ||
| 008 | 250721s2003 xx 000 0 ara d | ||
| 082 | 1 | 4 | _aط/ق/أمي |
| 100 | 1 | _aأمين، رانية حسن | |
| 245 | 1 | 0 | _aفرحانة تتشاجر مع صديقتها / |
| 264 | 1 |
_aالقاهره : _bدار الياس العصرية، _c2003. |
|
| 300 | _a12ص | ||
| 490 | 0 | _aفرحانة | |
| 650 | 1 | 7 | _aالقصص |
| 650 | 1 | 7 | _aالاطفال |
| 653 | _aاطفال ما قبل المدرسه (0-5) سنوات | ||
| 942 |
_2ddc _cBK |
||
| 999 |
_c107285 _d107285 |
||